Datum a čas kvízu
21
Celkem bodů
Celkový počet nahraných bodů na tomto kvízu bez doplňovacích otázek.
9.
Pořadí na kvízu
Konečné umístění týmu na tomto kvízu.
Zaznamenané odpovědi
| # | Otázka | Odpověď | Body | Výsledky |
|---|---|---|---|---|
| 1. | V pondělí se konal ustavující... | GEN | 1 | |
| 2. | Mladý chirurg z Tchaj-peje si... | C) vasektomii (sterilizaci) | 0 | |
| 3. | Ministerstvo kultury učinilo d... | C) česká pivní kultura | 1 | |
| 4. | Jistý internetový portál nabíz... | Seznam.cz | 1 | |
| 5. | O víkendu proběhly v Ostravě k... | (Jižní) Korea, Tomáš Berdych | 1 | |
| 6. | Začneme největšími společnými... | (Vše)sokolský slet, Spartakiáda | 1 | |
| 7. | Napište anglický dvouslovný ná... | step aerobic | 1 | |
| 8. | Tato cvičební metoda se snaží... | Pilates | 0 | |
| 9. | Jógu, přesněji řečeno hatha jó... | ásany | 0 | |
| 10. | Jak se jmenuje tato 55letá žen... | Olga Studničková (Šípková) | 0 |